000 00712cam a2200253 4500
001 M2141
008 090401t1996 xxu||||| |||| 00| 0 eng d
035 _a(Sirsi) u36692
041 _aeng
050 _a658.562
100 _aRossiter, James
245 _aBetter value from benchmarking.
260 _aAscot, Berkshire
_bChartered Institute of Building
_c1996
300 _a7p. ; 30cm.
350 _a0
490 _aConstruction Papers
_v64
650 _aBENCHMARKING
650 _aCONSTRUCTION INDUSTRY
690 _aMANAGEMENT-BUSINESS MANAGEMENT-PROFESSIONAL PRACTICE
700 _aHarlow, Peter
_xEditor
710 _aChartered Institute of Building
_92134
942 _n0
948 _c04/03/1997
999 _c90365
_d90365